Joan Enric / de Josep M. de Sagarra ; pròleg de Xavier Fàbregas
Descripción Física:
75 p. ; 18 cm
Colección:
Biblioteca teatral ; 34
Otros Autores:
Fàbregas, Xavier, 1931-1985
MARC
| LEADER | 00000nam a2200000Ia 4500 | ||
|---|---|---|---|
| 001 | 2116 | ||
| 008 | 160829s1985 xx 000 0 cat d | ||
| 080 | |a L-1-222 | ||
| 100 | 1 | |a Sagarra, Josep M. de, |d 1894-1961 |e autor |9 56454 | |
| 245 | |a Joan Enric / de Josep M. de Sagarra ; pròleg de Xavier Fàbregas | ||
| 260 | |a Barcelona : |b Institut del Teatre de la Diputació de Barcelona : |b Edicions del Mall, |c 1985 | ||
| 300 | |a 75 p. ; |c 18 cm | ||
| 490 | |a Biblioteca teatral ; 34 | ||
| 700 | 1 | |a Fàbregas, Xavier, |d 1931-1985 |e autor del pròleg |9 50443 | |
| 710 | 1 | |a Institut del Teatre (Barcelona, Catalunya) |9 52662 | |
| 901 | |a Arxiu | ||
| 942 | |n 1 |2 udc | ||
| 952 | |0 0 |1 0 |4 0 |6 L1222 |7 1 |9 46981 |a Arxiu |b Arxiu |d 2016-12-01 |l 0 |o L-1-222 |p 2116 |r 2016-12-01 00:00:00 |w 2016-12-01 |y ARXIU | ||
| 999 | |c 50774 |d 50774 | ||